• 首页
  • 本馆介绍
  • 公告通知
  • 最新文献
  • 馆藏检索
  • 电子资源
  • 读者导购
  • 参考咨询
  • 我的图书馆
  • 登录
  • 详细信息显示
  • 放入我的书架
  • 预约/预借图书
  • 作者相关作品
  • 分类相关作品
  • 丛书相关作品
  • 出版社相关作品

书目信息

  • 表格格式
  • 工作单格式
  • 卡片格式
题名:
真空设计手册
    
 
作者: 达道安 主编 ;李望奎副 主编
分册:  
出版信息: 北京   国防工业出版社  1996
页数: 1262页
开本: 26cm
丛书名:
单 册:
中图分类: TB7-62
科图分类:
主题词: 真空技术
电子资源:
ISBN: 7-118-00837-0
000 00622nam0 2200205 450
001 0735592734
005 20070906095312.73
010    @a7-118-00837-0@d¥80.00
100    @a20070906d km y0chiy0120 ea
101 0  @achi
200 1  @a真空设计手册@Azhen kong she ji shou ce@f达道安主编@Fda dao an zhu bian@g李望奎副主编@Gli wang kui fu zhu bian
205    @a2版
210    @a北京@c国防工业出版社@d1996
215    @a1262页@d26cm
606 0  @a真空技术
690    @aTB7-62@v3
701  0 @a达道安@Ada dao an@4主编
702  0 @a李望奎副@Ali wang kui fu@4主编
801  0 @aCN@bPFT@c20070906
905    @a213230@dTB7-62@eP13=2@f1
    
    真空设计手册/达道安主编/李望奎副主编.-2版.-北京:国防工业出版社,1996
    1262页;26cm
    
    
    ISBN 7-118-00837-0:¥80.00
    
●
相关链接 在E读中查询图书 在五车中查询图书 在当当中查询图书 在豆瓣中查询图书


正题名:真空设计手册     索取号:TB7-62/P13=2         预约/预借

序号 登录号 条形码 馆藏地/架位号 状态 备注
1 7201765   272017658   密集书库-物理学院/ [索取号:TB7-62/P13=2] 在馆    
唐山师范学院图书馆 欢迎您!
大连网信软件有限公司© 版权所有